| 000 | 00461nam a2200157Ia 4500 | ||
|---|---|---|---|
| 999 |
_c8546 _d8546 |
||
| 020 | _a9788764944792 | ||
| 082 | _a616.8606 HUB-; | ||
| 100 | _aHubbard, L. Ron | ||
| 245 | 0 | _aClear body and clear mind: the effective purification programme | |
| 260 |
_aGlostrup, Denmark _bNew Era Publications International ApS _c2013 |
||
| 300 | _a283p | ||
| 650 | _aNUTRITION | ||
| 650 | _aDETOXIFICATION (SUBSTANCE ABUSE TREATMENT) | ||
| 650 | _aMIND AND BODY | ||
| 942 | _cBK | ||